| 000 | 00595nam a22001337a 4500 | ||
|---|---|---|---|
| 040 | _cRUA | ||
| 082 | _aAGR.BB | ||
| 100 | _aKOK, CHANNA | ||
| 245 | _aEffect of organict fertilizer on lettuce at sangker didtrict, battambang province, ឥទ្ធិពលនៃជីធម្មជាតិលើដំណាំសាលាដ នៅស្រុកសង្កែ ខេត្តបាត់ដំបង | ||
| 260 |
_aPhnom Phen _bRUA _c2010 |
||
| 300 |
_aXIIIII,54p. _bill. _c29ccm. |
||
| 856 | _uhttps://drive.google.com/file/d/18qvKOhnzCSdluqshOsQlJ3ixnwiEM_sG/view?usp=sharing | ||
| 942 | _cAGRBB | ||
| 999 |
_c1423 _d1423 |
||